Cities in France - Sudden Death - Statistics

General Stats
  • This quiz has been taken 76 times
    26 since last reset
  • The average score is 18 of 28
Answers on the Grid
Answers color-coded by a green-red scale on the quiz's grid according to % correct below.
Dijon
Charleroi
Clermont-Ferrand
Montreux
Nyon
Angers
Terrassa
Lyon
Figueres
Biscarrosse
Les Sables-d'Olonne
Dieppe
Santander
Arras
Lille
Tournai
Bruxelles
Le Havre
Imperia
Arles
Gap
Cuneo
Annecy
Martigny
Sion
San Sebastián
Chamonix-Mont Blanc
Albenga
Toulouse
Albacete
Bordeaux
Besançon
Limoges
Metz
Marseille
Pamplona
Rouen
Mons
Freiburg
Montpellier
Namir
Bourges
Hasselt
Brioude
Versailles
Kortrijk
Ronda
Never
Avignon
Paris
 
Answer Stats
Answer % Correct
Dijon
100%
Clermont-Ferrand
82%
Lyon
82%
Paris
82%
Angers
73%
Annecy
73%
Avignon
73%
Bordeaux
73%
Le Havre
73%
Lille
73%
Limoges
73%
Marseille
73%
Metz
73%
Montpellier
73%
Rouen
73%
Toulouse
73%
Arles
64%
Bourges
64%
Versailles
64%
Besançon
55%
Les Sables-d'Olonne
55%
Arras
45%
Chamonix-Mont Blanc
45%
Never
45%
Biscarrosse
36%
Gap
36%
Dieppe
27%
Brioude
18%
No matching quizzes found
Score Distribution
Percent of People with Each Score
Percentile by Number Answered
Your Score History
You have not taken this quiz since the last reset